<?xml version="1.0" encoding="UTF-8"?>
<collection xmlns="http://www.loc.gov/MARC21/slim">
<record>
  <controlfield tag="001">163676</controlfield>
  <controlfield tag="005">20251028143428.0</controlfield>
  <datafield tag="024" ind1="8" ind2=" ">
    <subfield code="2">innovaciondocente</subfield>
    <subfield code="a">5335</subfield>
  </datafield>
  <datafield tag="037" ind1=" " ind2=" ">
    <subfield code="a">INNODOC-2024-5335</subfield>
  </datafield>
  <datafield tag="041" ind1=" " ind2=" ">
    <subfield code="a">spa</subfield>
  </datafield>
  <datafield tag="100" ind1=" " ind2=" ">
    <subfield code="0">(orcid)0000-0001-9111-1627</subfield>
    <subfield code="a">Gil Clemente, María Elena</subfield>
    <subfield code="e">coord.</subfield>
  </datafield>
  <datafield tag="245" ind1=" " ind2=" ">
    <subfield code="a">Una mirada hacia la discapacidad intelectual en la enseñanza de las matemáticas</subfield>
  </datafield>
  <datafield tag="260" ind1=" " ind2=" ">
    <subfield code="a">Zaragoza</subfield>
    <subfield code="b">Universidad de Zaragoza</subfield>
    <subfield code="c">2024</subfield>
  </datafield>
  <datafield tag="520" ind1="3" ind2=" ">
    <subfield code="a">Los futuros docentes de Enseñanza Primaria, van a tener que abordar la enseñanza en aulas con una gran diversidad de alumnos (discapacidades físicas e intelectuales, trastornos del desarrollo, trastornos del espectro autista...). Además, si no tienen una de las especialidades reconocidas (Música, Educación Física, Inglés o Pedagogía Terapeútica) tendrán a su cargo la enseñanza de todas las asignaturas, entre ellas las matemáticas. Los escasos créditos dedicados a la didáctica de las matemáticas, y los aún más escasos dedicados a las dificultades de aprendizaje específicas en esta disciplina provocan que estos futuros docentes tengan una formación deficitaria para abordar una enseñanza de las matemáticas realmente inclusiva. A esta escasa formación, se le suma la inseguridad que genera en muchos casos una autobiografía con experiencias negativas personales en al aprendizaje de las matemáticas. El proyecto pretende ampliar esta formación deficitaria proporcionando a los estudiantes de Magisterio la posibilidad de entrar en contacto con asociaciones que se dedican a la educación matemática de las personas con discapacidad intelectual en un marco no formal, y con colegios de Educación Especial, conocer su proyecto y hacer una contribución concreta a ese trabajo.</subfield>
  </datafield>
  <datafield tag="700" ind1=" " ind2=" ">
    <subfield code="a">Agudo Carnicer, Almudena</subfield>
  </datafield>
  <datafield tag="700" ind1=" " ind2=" ">
    <subfield code="0">(orcid)0000-0002-0187-2754</subfield>
    <subfield code="a">Marcuello Servós, Jaime</subfield>
  </datafield>
  <datafield tag="700" ind1=" " ind2=" ">
    <subfield code="0">(orcid)0000-0003-1820-6755</subfield>
    <subfield code="a">Cogolludo Agustín, José Ignacio</subfield>
  </datafield>
  <datafield tag="700" ind1=" " ind2=" ">
    <subfield code="a">Lizasoain Iriso, Maria Inmaculada</subfield>
  </datafield>
  <datafield tag="700" ind1=" " ind2=" ">
    <subfield code="a">Garcia Catalan, Olga Raquel</subfield>
  </datafield>
  <datafield tag="856" ind1="4" ind2=" ">
    <subfield code="s">88818</subfield>
    <subfield code="u">http://zaguan.unizar.es/record/163676/files/memoria_PISOC_2024_5335.pdf</subfield>
    <subfield code="y">Memoria del proyecto</subfield>
  </datafield>
  <datafield tag="970" ind1=" " ind2=" ">
    <subfield code="a">INNODOC-2024-5335</subfield>
  </datafield>
  <datafield tag="980" ind1=" " ind2=" ">
    <subfield code="a">INNODOC</subfield>
    <subfield code="b">PISOC</subfield>
  </datafield>
</record>
</collection>